Middle East oil crises and western Europe's energy supplies (Record no. 372376)

000 -LEADER
fixed length control field 00390cam a22001217a 4500
008 - FIXED-LENGTH DATA ELEMENTS--GENERAL INFORMATION
fixed length control field 180718b1963 xxu||||| |||| 00| 0 eng d
082 ## - DEWEY DECIMAL CLASSIFICATION NUMBER
Classification number T215x56 L961
100 ## - MAIN ENTRY--PERSONAL NAME
Personal name Lubell, Harold
245 ## - TITLE STATEMENT
Title Middle East oil crises and western Europe's energy supplies
Statement of responsibility, etc. by Harold Lubell
260 ## - PUBLICATION, DISTRIBUTION, ETC.
Place of publication, distribution, etc. Baltimore
Name of publisher, distributor, etc. Johns Hopkins
Date of publication, distribution, etc. 1963
300 ## - PHYSICAL DESCRIPTION
Extent 233p.
650 ## - SUBJECT ADDED ENTRY--TOPICAL TERM
Topical term or geographic name entry element Petroleum industry and trade - Asia, West
Holdings
Withdrawn status Lost status Damaged status Not for loan Permanent Location Current Location Date acquired Full call number Barcode Date last seen Price effective from Koha item type
        Indian Institute of Public Administration Indian Institute of Public Administration 1994-06-15 T215x56 L961 34380 2018-07-21 2018-07-21 Book

Powered by Koha